书目信息 |
| 题名: |
医生的抉择
|
|
| 作者: | 马什 著 ;龚振林 , 迟墨涵 译 | |
| 分册: | ||
| 出版信息: | 长沙 湖南科学技术出版社 2017 |
|
| 页数: | 34,283页 | |
| 开本: | 24cm | |
| 丛书名: | ||
| 单 册: | ||
| 中图分类: | R651.1-49 | |
| 科图分类: | ||
| 主题词: | 脑外科手术--通俗读物 | |
| 电子资源: | ||
| ISBN: | 978-7-5357-9202-0 | |
| 000 | 01402nam0 2200289 450 | |
| 001 | 4051 | |
| 005 | 20180527213638.51 | |
| 010 | @a978-7-5357-9202-0@dCNY52.00 | |
| 100 | @a20170802d2017 em y0chiy50 ea | |
| 101 | 1 | @achi@ceng |
| 102 | @aCN@b430000 | |
| 105 | @ay z 000yy | |
| 200 | 1 | @a医生的抉择@9yi sheng de jue ze@e关于生死、疾病与医疗,你必须知道的真相@dDo no harm@estroies of life,death,and brain surgery@zeng@f(英)亨利·马什(Henry Marsh)著@g龚振林,迟墨涵译 |
| 210 | @a长沙@c湖南科学技术出版社@d2017 | |
| 215 | @a34,283页@d24cm | |
| 300 | @a医学人文经典 | |
| 305 | @a本书中文简体字版通过Grand China Publishing House (中资出版社) 授权湖南科学技术出版社在中国大陆地区出版并独家发行 | |
| 330 | @a本书讲述了许多真实的故事,为我们展示了现代医院每一天都在发生的事件。这本书也会给那些面临着艰难决定的人一些经验,帮助他们做出最合适的抉择。它给读者提供了独特的视角,体验专注于修复人类精巧而复杂大脑的神经外科医生的人生起落。 | |
| 510 | 1 | @aDo no harm@estroies of life, death, and brain surgery@zeng |
| 517 | 1 | @a关于生死、疾病与医疗, 你必须知道的真相@9guan yu sheng si 、ji bing yu yi liao, ni bi xu zhi dao de zhen xiang |
| 606 | 0 | @a脑外科手术@j通俗读物 |
| 690 | @aR651.1-49@v5 | |
| 701 | 0 | @c(英)@a马什@9ma shi@c(Marsh, Henry)@4著 |
| 702 | 0 | @a龚振林@9gong zhen lin@4译 |
| 702 | 0 | @a迟墨涵@9chi mo han@4译 |
| 801 | 0 | @aCN@b91MARC@c20170802 |
| 905 | @aMuseLib@dR651.1-49@e51 | |
| 医生的抉择:关于生死、疾病与医疗,你必须知道的真相=Do no harm:stroies of life,death,and brain surgery/(英)亨利·马什(Henry Marsh)著/龚振林,迟墨涵译.-长沙:湖南科学技术出版社,2017 |
| 34,283页;24cm |
| 医学人文经典 |
| ISBN 978-7-5357-9202-0:CNY52.00 |
| 本书讲述了许多真实的故事,为我们展示了现代医院每一天都在发生的事件。这本书也会给那些面临着艰难决定的人一些经验,帮助他们做出最合适的抉择。它给读者提供了独特的视角,体验专注于修复人类精巧而复杂大脑的神经外科医生的人生起落。 |
| ● |
| 相关链接 |
|
|
|
|
正题名:医生的抉择
索取号:R651.1-49/51
 
预约/预借
| 序号 | 登录号 | 条形码 | 馆藏地/架位号 | 状态 | 备注 |
| 1 | 1035676 | 210356764 | 第二样本阅览室/ [索取号:R651.1-49/51] | 在馆 | |
| 2 | 1035677 | 210356773 | 密集书库-生命科学系/ [索取号:R651.1-49/51] | 在馆 | |
| 3 | 1035678 | 210356782 | 第三借阅区/ [索取号:R651.1-49/51] | 在馆 | |
| 4 | 1035679 | 210356791 | 第三借阅区/ [索取号:R651.1-49/51] | 在馆 | |
| 5 | 1035680 | 210356808 | 第三借阅区/ [索取号:R651.1-49/51] | 在馆 | |
| 6 | 1111702 | 211117021 | 第三借阅区/ [索取号:R651.1-49/51] | 在馆 | |
| 7 | 1111703 | 211117030 | 教育系资料室/ [索取号:R651.1-49/51] | 在馆 | |
| 8 | 1111704 | 211117049 | 教育系资料室/ [索取号:R651.1-49/51] | 在馆 | |
| 9 | 1111705 | 211117058 | 第三借阅区/ [索取号:R651.1-49/51] | 在馆 |